les prénoms des meilleurs maman - Statistiques

Statistiques générales
  • Ce quiz a été pris 3 611 fois
  • Le résultat moyen est 3 sur 10
Statistiques - réponses
Top Meilleure daronne % Correct
1 Stéphanie
61%
3 Isabelle
38%
7 Virginie
32%
10 Cecile
24%
5 Delphine
23%
8 Claire
22%
9 Magali
20%
6 Florence
19%
2 Murielle
16%
4 Katia
11%
Aucun quiz correspondant
Distribution des résultats
% des personnes avec chaque résultat
Percentile par nombre de réponses
Votre historique - résultats
Vous n’avez pas pris ce quiz